<?xml version="1.0" encoding="UTF-8"?>
<record
    xmlns:xsi="http://www.w3.org/2001/XMLSchema-instance"
    xsi:schemaLocation="http://www.loc.gov/MARC21/slim http://www.loc.gov/standards/marcxml/schema/MARC21slim.xsd"
    xmlns="http://www.loc.gov/MARC21/slim">

  <leader>02894nam a22003737a 4500</leader>
  <datafield tag="999" ind1=" " ind2=" ">
    <subfield code="c">65004</subfield>
    <subfield code="d">65004</subfield>
  </datafield>
  <controlfield tag="005">20221005100836.0</controlfield>
  <controlfield tag="008">      s2554    th ||||| |||| 00| 0 tha d</controlfield>
  <datafield tag="020" ind1=" " ind2=" ">
    <subfield code="a">9789744175991</subfield>
  </datafield>
  <datafield tag="040" ind1=" " ind2=" ">
    <subfield code="a">NALT</subfield>
  </datafield>
  <datafield tag="050" ind1=" " ind2=" ">
    <subfield code="a">NA3578.7</subfield>
    <subfield code="b"> &#xE28;528&#xE2A; 2554 </subfield>
  </datafield>
  <datafield tag="110" ind1="2" ind2=" ">
    <subfield code="a">&#xE01;&#xE23;&#xE21;&#xE28;&#xE34;&#xE25;&#xE1B;&#xE32;&#xE01;&#xE23;.</subfield>
    <subfield code="b">&#xE2A;&#xE33;&#xE19;&#xE31;&#xE01;&#xE2A;&#xE16;&#xE32;&#xE1B;&#xE31;&#xE15;&#xE22;&#xE01;&#xE23;&#xE23;&#xE21;</subfield>
    <subfield code="9">3680</subfield>
  </datafield>
  <datafield tag="245" ind1="1" ind2="0">
    <subfield code="a">&#xE2A;&#xE21;&#xE38;&#xE14;&#xE20;&#xE32;&#xE1E;&#xE07;&#xE32;&#xE19;&#xE21;&#xE31;&#xE13;&#xE11;&#xE19;&#xE28;&#xE34;&#xE25;&#xE1B;&#xE4C;&#xE43;&#xE19;&#xE1E;&#xE23;&#xE30;&#xE19;&#xE04;&#xE23;&#xE04;&#xE35;&#xE23;&#xE35; &#xE1E;&#xE23;&#xE30;&#xE23;&#xE32;&#xE0A;&#xE27;&#xE31;&#xE07;&#xE08;&#xE31;&#xE19;&#xE17;&#xE23;&#xE40;&#xE01;&#xE29;&#xE21; &#xE41;&#xE25;&#xE30;&#xE1E;&#xE23;&#xE30;&#xE19;&#xE32;&#xE23;&#xE32;&#xE22;&#xE13;&#xE4C;&#xE23;&#xE32;&#xE0A;&#xE19;&#xE34;&#xE40;&#xE27;&#xE28;&#xE19;&#xE4C; &#xE21;&#xE31;&#xE13;&#xE11;&#xE19;&#xE28;&#xE34;&#xE25;&#xE1B;&#xE32;&#xE01;&#xE23; &#xE40;&#xE25;&#xE48;&#xE21; 1 =</subfield>
    <subfield code="b">Furniture of particular significance throughout history in Honour of the Chakri Dynasty /</subfield>
    <subfield code="c">&#xE2A;&#xE33;&#xE19;&#xE31;&#xE01;&#xE2A;&#xE16;&#xE32;&#xE1B;&#xE31;&#xE15;&#xE22;&#xE01;&#xE23;&#xE23;&#xE21; &#xE01;&#xE23;&#xE21;&#xE28;&#xE34;&#xE25;&#xE1B;&#xE32;&#xE01;&#xE23; ; &#xE40;&#xE23;&#xE35;&#xE22;&#xE1A;&#xE40;&#xE23;&#xE35;&#xE22;&#xE07; &#xE1A;&#xE38;&#xE29;&#xE01;&#xE23; &#xE25;&#xE34;&#xE21;&#xE08;&#xE34;&#xE15;&#xE15;&#xE34;, &#xE21;&#xE32;&#xE19;&#xE34;&#xE15; &#xE40;&#xE02;&#xE37;&#xE48;&#xE2D;&#xE19;&#xE02;&#xE31;&#xE19;&#xE18;&#xE4C;, &#xE25;&#xE31;&#xE01;&#xE02;&#xE13;&#xE32; &#xE08;&#xE34;&#xE19;&#xE14;&#xE32;&#xE27;&#xE07;&#xE29;&#xE4C;, &#xE40;&#xE2A;&#xE23;&#xE34;&#xE21;&#xE01;&#xE34;&#xE08; &#xE0A;&#xE31;&#xE22;&#xE21;&#xE07;&#xE04;&#xE25;, &#xE08;&#xE31;&#xE01;&#xE23;&#xE34;&#xE19; &#xE2D;&#xE36;&#xE15;&#xE15;&#xE30;&#xE21;&#xE30;.</subfield>
  </datafield>
  <datafield tag="246" ind1="3" ind2="1">
    <subfield code="a">Furniture of particular significance throughout history in Honour of the Chakri Dynasty /</subfield>
  </datafield>
  <datafield tag="250" ind1=" " ind2=" ">
    <subfield code="a">&#xE1E;&#xE1E;&#xE34;&#xE21;&#xE1E;&#xE4C;&#xE04;&#xE23;&#xE31;&#xE49;&#xE07;&#xE17;&#xE35;&#xE48; 1</subfield>
  </datafield>
  <datafield tag="260" ind1=" " ind2=" ">
    <subfield code="a">&#xE01;&#xE23;&#xE38;&#xE07;&#xE40;&#xE17;&#xE1E;&#xE2F; : </subfield>
    <subfield code="b">&#xE2A;&#xE33;&#xE19;&#xE31;&#xE01;&#xE2A;&#xE16;&#xE32;&#xE1B;&#xE31;&#xE15;&#xE22;&#xE01;&#xE23;&#xE23;&#xE21; &#xE01;&#xE23;&#xE21;&#xE28;&#xE34;&#xE25;&#xE1B;&#xE32;&#xE01;&#xE23;, </subfield>
    <subfield code="c">2554.</subfield>
  </datafield>
  <datafield tag="300" ind1=" " ind2=" ">
    <subfield code="a">151 &#xE2B;&#xE19;&#xE49;&#xE32; :</subfield>
    <subfield code="b">&#xE20;&#xE32;&#xE1E;&#xE1B;&#xE23;&#xE30;&#xE01;&#xE2D;&#xE1A; ;</subfield>
    <subfield code="c">30 &#xE0B;&#xE21;.</subfield>
  </datafield>
  <datafield tag="490" ind1=" " ind2="0">
    <subfield code="a">&#xE21;&#xE31;&#xE13;&#xE11;&#xE19;&#xE28;&#xE34;&#xE25;&#xE1B;&#xE32;&#xE01;&#xE23;</subfield>
    <subfield code="v">&#xE40;&#xE25;&#xE48;&#xE21; 1</subfield>
  </datafield>
  <datafield tag="600" ind1="0" ind2="0">
    <subfield code="a">&#xE08;&#xE2D;&#xE21;&#xE40;&#xE01;&#xE25;&#xE49;&#xE32;&#xE40;&#xE08;&#xE49;&#xE32;&#xE2D;&#xE22;&#xE39;&#xE48;&#xE2B;&#xE31;&#xE27;,</subfield>
    <subfield code="c">&#xE1E;&#xE23;&#xE30;&#xE1A;&#xE32;&#xE17;&#xE2A;&#xE21;&#xE40;&#xE14;&#xE47;&#xE08;&#xE1E;&#xE23;&#xE30;,</subfield>
    <subfield code="d">2347-2411</subfield>
    <subfield code="x">&#xE1E;&#xE23;&#xE30;&#xE23;&#xE32;&#xE0A;&#xE01;&#xE23;&#xE13;&#xE35;&#xE22;&#xE01;&#xE34;&#xE08;</subfield>
    <subfield code="9">3736</subfield>
  </datafield>
  <datafield tag="610" ind1="2" ind2="4">
    <subfield code="a">&#xE1E;&#xE23;&#xE30;&#xE19;&#xE32;&#xE23;&#xE32;&#xE22;&#xE13;&#xE4C;&#xE23;&#xE32;&#xE0A;&#xE19;&#xE34;&#xE40;&#xE27;&#xE28;&#xE19;&#xE4C; </subfield>
    <subfield code="9">3739</subfield>
    <subfield code="z">&#xE25;&#xE1E;&#xE1A;&#xE38;&#xE23;&#xE35;</subfield>
  </datafield>
  <datafield tag="610" ind1="2" ind2="4">
    <subfield code="a">&#xE1E;&#xE23;&#xE30;&#xE23;&#xE32;&#xE0A;&#xE27;&#xE31;&#xE07;&#xE08;&#xE31;&#xE19;&#xE17;&#xE23;&#xE40;&#xE01;&#xE29;&#xE21;</subfield>
    <subfield code="9">3740</subfield>
    <subfield code="z">&#xE1E;&#xE23;&#xE30;&#xE19;&#xE04;&#xE23;&#xE28;&#xE23;&#xE35;&#xE2D;&#xE22;&#xE38;&#xE18;&#xE22;&#xE32;</subfield>
  </datafield>
  <datafield tag="610" ind1="2" ind2="4">
    <subfield code="a">&#xE1E;&#xE23;&#xE30;&#xE19;&#xE04;&#xE23;&#xE04;&#xE35;&#xE23;&#xE35;</subfield>
    <subfield code="9">3741</subfield>
    <subfield code="z">&#xE40;&#xE1E;&#xE0A;&#xE23;&#xE1A;&#xE38;&#xE23;&#xE35;</subfield>
  </datafield>
  <datafield tag="650" ind1=" " ind2="4">
    <subfield code="a">&#xE01;&#xE32;&#xE23;&#xE2D;&#xE19;&#xE38;&#xE23;&#xE31;&#xE01;&#xE29;&#xE4C;&#xE28;&#xE34;&#xE25;&#xE1B;&#xE27;&#xE31;&#xE12;&#xE19;&#xE18;&#xE23;&#xE23;&#xE21;</subfield>
    <subfield code="9">3744</subfield>
  </datafield>
  <datafield tag="650" ind1=" " ind2="4">
    <subfield code="a">&#xE28;&#xE34;&#xE25;&#xE1B;&#xE27;&#xE31;&#xE12;&#xE19;&#xE18;&#xE23;&#xE23;&#xE21;</subfield>
    <subfield code="9">3745</subfield>
  </datafield>
  <datafield tag="650" ind1=" " ind2="4">
    <subfield code="a">&#xE28;&#xE34;&#xE25;&#xE1B;&#xE30;&#xE01;&#xE32;&#xE23;&#xE15;&#xE01;&#xE41;&#xE15;&#xE48;&#xE07;</subfield>
    <subfield code="9">3483</subfield>
  </datafield>
  <datafield tag="700" ind1="0" ind2=" ">
    <subfield code="9">3748</subfield>
    <subfield code="a">&#xE21;&#xE32;&#xE19;&#xE34;&#xE15; &#xE40;&#xE02;&#xE37;&#xE48;&#xE2D;&#xE19;&#xE02;&#xE31;&#xE19;&#xE18;&#xE4C;</subfield>
  </datafield>
  <datafield tag="700" ind1="0" ind2=" ">
    <subfield code="9">3750</subfield>
    <subfield code="a">&#xE40;&#xE2A;&#xE23;&#xE34;&#xE21;&#xE01;&#xE34;&#xE08; &#xE0A;&#xE31;&#xE22;&#xE21;&#xE07;&#xE04;&#xE25;</subfield>
  </datafield>
  <datafield tag="700" ind1="0" ind2=" ">
    <subfield code="9">3755</subfield>
    <subfield code="a">&#xE08;&#xE31;&#xE01;&#xE23;&#xE34;&#xE19; &#xE2D;&#xE36;&#xE15;&#xE15;&#xE30;&#xE21;&#xE30;</subfield>
  </datafield>
  <datafield tag="700" ind1="0" ind2=" ">
    <subfield code="a">&#xE1A;&#xE38;&#xE29;&#xE01;&#xE23; &#xE25;&#xE34;&#xE21;&#xE08;&#xE34;&#xE15;&#xE15;&#xE34;</subfield>
    <subfield code="9">3709</subfield>
  </datafield>
  <datafield tag="700" ind1="0" ind2=" ">
    <subfield code="9">3749</subfield>
    <subfield code="a">&#xE25;&#xE31;&#xE01;&#xE02;&#xE13;&#xE32; &#xE08;&#xE34;&#xE19;&#xE14;&#xE32;&#xE27;&#xE07;&#xE29;&#xE4C;</subfield>
  </datafield>
  <datafield tag="710" ind1="2" ind2=" ">
    <subfield code="a">&#xE01;&#xE23;&#xE30;&#xE17;&#xE23;&#xE27;&#xE07;&#xE27;&#xE31;&#xE12;&#xE19;&#xE18;&#xE23;&#xE23;&#xE21;.</subfield>
    <subfield code="b">&#xE01;&#xE23;&#xE21;&#xE28;&#xE34;&#xE25;&#xE1B;&#xE32;&#xE01;&#xE23;.</subfield>
    <subfield code="b">&#xE2A;&#xE33;&#xE19;&#xE31;&#xE01;&#xE2A;&#xE16;&#xE32;&#xE1B;&#xE31;&#xE15;&#xE22;&#xE01;&#xE23;&#xE23;&#xE21;</subfield>
    <subfield code="9">3723</subfield>
  </datafield>
  <datafield tag="850" ind1=" " ind2=" ">
    <subfield code="a">NALT</subfield>
  </datafield>
  <datafield tag="942" ind1=" " ind2=" ">
    <subfield code="c">GB</subfield>
    <subfield code="2">lcc</subfield>
  </datafield>
  <datafield tag="998" ind1=" " ind2=" ">
    <subfield code="j">104</subfield>
    <subfield code="k"> &#xE19;&#xE32;&#xE07;&#xE2A;&#xE32;&#xE27;&#xE2A;&#xE32;&#xE22;&#xE1D;&#xE19;  &#xE14;&#xE35;&#xE07;&#xE32;&#xE21;</subfield>
  </datafield>
  <datafield tag="952" ind1=" " ind2=" ">
    <subfield code="0">0</subfield>
    <subfield code="1">0</subfield>
    <subfield code="4">0</subfield>
    <subfield code="7">0</subfield>
    <subfield code="8">CGBL</subfield>
    <subfield code="a">NALT</subfield>
    <subfield code="b">NALT</subfield>
    <subfield code="e">&#xE1A;&#xE23;&#xE34;&#xE08;&#xE32;&#xE04;</subfield>
    <subfield code="l">0</subfield>
    <subfield code="o">NA 3578.7 &#xE28;528&#xE2A; 2554 &#xE25;.1</subfield>
    <subfield code="p">3961189088</subfield>
    <subfield code="r">2017-06-09 00:00:00</subfield>
    <subfield code="w">2017-06-09</subfield>
    <subfield code="y">GB</subfield>
  </datafield>
</record>
